Control system engineering / (Record no. 2663)

000 -LEADER
fixed length control field 00466nam a2200169 4500
008 - FIXED-LENGTH DATA ELEMENTS--GENERAL INFORMATION
fixed length control field 200312b ||||| |||| 00| 0 eng d
020 ## - INTERNATIONAL STANDARD BOOK NUMBER
International Standard Book Number 0852266022
082 00 - DEWEY DECIMAL CLASSIFICATION NUMBER
Classification number 629.8
Item number N152
100 ## - MAIN ENTRY--PERSONAL NAME
9 (RLIN) 2257
Personal name Nagrath, I. J.
245 10 - TITLE STATEMENT
Title Control system engineering /
250 ## - EDITION STATEMENT
Edition statement 1st ed.
260 ## - PUBLICATION, DISTRIBUTION, ETC. (IMPRINT)
Place of publication, distribution, etc New Delhi
Name of publisher, distributor, etc Wiley Eastern
Date of publication, distribution, etc 1977
300 ## - PHYSICAL DESCRIPTION
Extent xii, 491 p.
650 #0 - SUBJECT ADDED ENTRY--TOPICAL TERM
Topical term or geographic name as entry element Systems engineering
700 ## - ADDED ENTRY--PERSONAL NAME
9 (RLIN) 2260
Personal name Gopal, M.
942 ## - ADDED ENTRY ELEMENTS (KOHA)
Source of classification or shelving scheme
Item type Books
Holdings
Withdrawn status Lost status Source of classification or shelving scheme Damaged status Not for loan Permanent location Current location Date acquired Full call number Barcode Date last seen Koha item type
          IMU Kolkata IMU Kolkata 2020-03-12 629.8 N152 04861 2020-03-12 Books
Designed and Maintained by IMU-KC Library, Kolkata Campus © Copyright All Rights Reserved

webs counters

Powered by Koha